Leyes Nos. 20.226 a 20.250: Tratados internacionales: sumarios
Uloženo v:
| Médium: | Kniha |
|---|---|
| Jazyk: | španělština |
| Vydáno: |
Santiago
Jurídica
2009
|
| Vydání: | 1a. ed |
| Edice: | Textos Legales , 181
|
| Témata: | |
| Tagy: |
Přidat tag
Žádné tagy, Buďte první, kdo vytvoří štítek k tomuto záznamu!
|
MARC
| LEADER | 00000nam a2200000 a 4500 | ||
|---|---|---|---|
| 001 | UCH1666 | ||
| 003 | CL-VaPUC | ||
| 008 | 090507e20090000CL |||||||||||||||||spa|d | ||
| 020 | |a 9789561018952 | ||
| 082 | 0 | 4 | |a 348.022 |b LEY |2 21 |
| 245 | 1 | 0 | |a Leyes Nos. 20.226 a 20.250: Tratados internacionales: sumarios |
| 250 | |a 1a. ed | ||
| 300 | |a 229 p | ||
| 942 | |c BK | ||
| 945 | |d 20090507 00:00:00 |a rbrito | ||
| 260 | |a Santiago |b Jurídica |c 2009 | ||
| 650 | 0 | |a Tratados internacionales |9 256056 | |
| 650 | 0 | |a Derecho internacional |9 255637 | |
| 650 | 7 | |a DECRETO CON FUERZA DE LEY |2 CL-VaPUC |9 358086 | |
| 583 | |a last modification |c 20090507 00:00:00 |k Rodrigo Vera | ||
| 490 | 0 | |a Textos Legales , 181 | |
| 999 | |c 333581 |d 333579 | ||